Państwa z najmniejszą ilością policjantów - Statystyki

Ogólne statystyki
  • Ten quiz został rozwiązany 62 razy
  • Średni wynik to 13 z 41
Statystyki odpowiedzi
ilość policjantów państwo % Poprawnych
ilośc policjantów na 100000 osób państwo
98%
130 Watykan
83%
160 San Marino
72%
500 Monako
70%
91 Liechtenstein
63%
237 Andora
59%
80 Nauru
41%
75 Palau
39%
72 Tuvalu
35%
575 Vanuatu
35%
653 Islandia
31%
41 Niger
31%
170 Singapur
31%
125 Lesotho
30%
450 Saint Kitts i Nevis
30%
418 Tonga
30%
458 Kiribati
28%
500 Komory
28%
62 Komory
28%
506 Dominika
26%
500 Mikronezja
26%
691 Saint Vincent i Grenadyny
26%
500 Samoa
26%
143 Chiny
24%
108 Haiti
24%
130 Wyspy Marshalla
24%
38 Mali
22%
600 Antigua i Barbuda
20%
77 Gwinea
20%
130 Finlandia
19%
43 Somalia
19%
65 Papua-Nowa Gwinea
15%
55 Togo
15%
83 Ghana
13%
100 Liberia
13%
181 Pakistan
13%
75 Iran
11%
154 Bangladesz
9%
160 Filipiny
9%
170 Mjanma
9%
131 Tunezja
9%
Nie znaleziono quizów pasujących do podanych kryteriów
Rozkład punktacji
Procent ludzi z każdym wynikiem
Percentyl według liczby udzielonych odpowiedzi
Twoja historia wyników
Nie rozwiązałeś tego quizu